<?xml version="1.0" encoding="UTF-8"?>
<record
    xmlns:xsi="http://www.w3.org/2001/XMLSchema-instance"
    xsi:schemaLocation="http://www.loc.gov/MARC21/slim http://www.loc.gov/standards/marcxml/schema/MARC21slim.xsd"
    xmlns="http://www.loc.gov/MARC21/slim">

  <leader>02121    a2200229   4500</leader>
  <controlfield tag="001">69</controlfield>
  <controlfield tag="005">20260407155407.0</controlfield>
  <controlfield tag="008">260407a2005    arg                 spa d</controlfield>
  <controlfield tag="003">AR-UNSa-BCEJYS</controlfield>
  <datafield tag="040" ind1=" " ind2=" ">
    <subfield code="a">AR-UNSa-BCEJYS</subfield>
    <subfield code="b">spa</subfield>
    <subfield code="c">AR-UNSa-BCEJYS</subfield>
  </datafield>
  <datafield tag="080" ind1=" " ind2=" ">
    <subfield code="a">657.41</subfield>
    <subfield code="x">Contabilidad Financiera</subfield>
  </datafield>
  <datafield tag="245" ind1="1" ind2="0">
    <subfield code="a">Contabilidad Financiera</subfield>
  </datafield>
  <datafield tag="020" ind1=" " ind2=" ">
    <subfield code="a">978-987-01-0391-2</subfield>
  </datafield>
  <datafield tag="250" ind1=" " ind2=" ">
    <subfield code="a">1a. ed</subfield>
  </datafield>
  <datafield tag="264" ind1=" " ind2="1">
    <subfield code="a">Buenos Aires :</subfield>
    <subfield code="b">Errepar</subfield>
    <subfield code="c">2005</subfield>
  </datafield>
  <datafield tag="300" ind1=" " ind2=" ">
    <subfield code="a">936 p.</subfield>
    <subfield code="c">21 cm</subfield>
  </datafield>
  <datafield tag="505" ind1=" " ind2=" ">
    <subfield code="a">1. Resumen de la reciente evoluci&#xF3;n de la legislaci&#xF3;n contable en la Argentina desde los "principios" a las "normas" 2. Los estados contables b&#xE1;sicos de publicaci&#xF3;n 3. El tiempo en la vida de las empresas 4. Teor&#xED;a contable b&#xE1;sica 5. El balance general de presentaci&#xF3;n 6. El estado de resultados de publicaci&#xF3;n. Presentaci&#xF3;n formal 7. El estado de evoluci&#xF3;n del patrimonio neto de publicaci&#xF3;n. Presentaci&#xF3;n formal 8. Los estados de cambios en la posici&#xF3;n financiera- El estado de flujo de efectivo 9. Los estados de cambios en la posici&#xF3;n financiera - versi&#xF3;n ampliada: El estado de cambios en el capital circulante 10. Estructura patrimonial de la empresa 11. Caja y bancos 12. Inversiones temporarias 13. Cuentas por cobrar 14. Bienes de cambio 15. Inversiones permanentes 16. Combinaciones de negocios 17. Bienes de uso o propiedades, plantas y equipos 18. Activos intangibles 19. Compromisos ciertos - cuentas por pagar - deudas 20. Pasivo contingente 21. Instrumentos financieros derivados 22. Otros pasivos 23. Operaciones en moneda extranjera 24. Capital propio - Patrimonio neto - Aportes de los propietarios 25. Los resultados del ejercicio econ&#xF3;mico 26. Correcci&#xF3;n de la informaci&#xF3;n contable "hist&#xF3;rica" a moneda de cierre. Soluciones parciales 27. Soluciones integrales - Aplicaci&#xF3;n de la unidad de medida homog&#xE9;nea 28. Conversi&#xF3;n de estados contables a moneda extranjera - Teor&#xED;a  y pr&#xE1;ctica  </subfield>
  </datafield>
  <datafield tag="942" ind1=" " ind2=" ">
    <subfield code="c">BK</subfield>
  </datafield>
  <datafield tag="590" ind1=" " ind2=" ">
    <subfield code="a">niveau_biblio:m niveau_hierar:0</subfield>
  </datafield>
  <datafield tag="100" ind1="1" ind2=" ">
    <subfield code="a">Biondi, Mario</subfield>
  </datafield>
  <datafield tag="856" ind1="4" ind2="1">
    <subfield code="u">https://biblioeco.unsa.edu.ar/pmb/images/libros/Contabilidad Financiera2-l116041.jpg</subfield>
    <subfield code="y">Imagen de portada</subfield>
    <subfield code="q">image/jpeg</subfield>
  </datafield>
  <datafield tag="999" ind1=" " ind2=" ">
    <subfield code="c">50</subfield>
    <subfield code="d">50</subfield>
  </datafield>
  <datafield tag="952" ind1=" " ind2=" ">
    <subfield code="0">0</subfield>
    <subfield code="1">0</subfield>
    <subfield code="4">0</subfield>
    <subfield code="7">0</subfield>
    <subfield code="a">BCEJYS</subfield>
    <subfield code="b">BCEJYS</subfield>
    <subfield code="c">16</subfield>
    <subfield code="d">2026-04-07</subfield>
    <subfield code="l">0</subfield>
    <subfield code="o">657.41 B615</subfield>
    <subfield code="p">L116041</subfield>
    <subfield code="r">2026-04-07 15:54:07</subfield>
    <subfield code="w">2026-04-07</subfield>
    <subfield code="y">L</subfield>
  </datafield>
  <datafield tag="952" ind1=" " ind2=" ">
    <subfield code="0">0</subfield>
    <subfield code="1">0</subfield>
    <subfield code="4">0</subfield>
    <subfield code="7">0</subfield>
    <subfield code="a">BCEJYS</subfield>
    <subfield code="b">BCEJYS</subfield>
    <subfield code="c">16</subfield>
    <subfield code="d">2026-04-07</subfield>
    <subfield code="l">0</subfield>
    <subfield code="o">657.41 B615</subfield>
    <subfield code="p">L116042</subfield>
    <subfield code="r">2026-04-07 15:54:07</subfield>
    <subfield code="w">2026-04-07</subfield>
    <subfield code="y">L</subfield>
  </datafield>
  <datafield tag="952" ind1=" " ind2=" ">
    <subfield code="0">0</subfield>
    <subfield code="1">0</subfield>
    <subfield code="4">0</subfield>
    <subfield code="7">0</subfield>
    <subfield code="a">BCEJYS</subfield>
    <subfield code="b">BCEJYS</subfield>
    <subfield code="c">16</subfield>
    <subfield code="d">2026-04-07</subfield>
    <subfield code="l">0</subfield>
    <subfield code="o">657.41 B615</subfield>
    <subfield code="p">L116043</subfield>
    <subfield code="r">2026-04-07 15:54:07</subfield>
    <subfield code="w">2026-04-07</subfield>
    <subfield code="y">L</subfield>
  </datafield>
  <datafield tag="952" ind1=" " ind2=" ">
    <subfield code="0">0</subfield>
    <subfield code="1">0</subfield>
    <subfield code="4">0</subfield>
    <subfield code="7">0</subfield>
    <subfield code="a">BCEJYS</subfield>
    <subfield code="b">BCEJYS</subfield>
    <subfield code="c">16</subfield>
    <subfield code="d">2026-04-07</subfield>
    <subfield code="l">0</subfield>
    <subfield code="o">657.41 B615</subfield>
    <subfield code="p">L116044</subfield>
    <subfield code="r">2026-04-07 15:54:07</subfield>
    <subfield code="w">2026-04-07</subfield>
    <subfield code="y">L</subfield>
  </datafield>
  <datafield tag="952" ind1=" " ind2=" ">
    <subfield code="0">0</subfield>
    <subfield code="1">0</subfield>
    <subfield code="4">0</subfield>
    <subfield code="7">0</subfield>
    <subfield code="a">BCEJYS</subfield>
    <subfield code="b">BCEJYS</subfield>
    <subfield code="c">16</subfield>
    <subfield code="d">2026-04-07</subfield>
    <subfield code="l">0</subfield>
    <subfield code="o">657.41 B615</subfield>
    <subfield code="p">L116045</subfield>
    <subfield code="r">2026-04-07 15:54:07</subfield>
    <subfield code="w">2026-04-07</subfield>
    <subfield code="y">L</subfield>
  </datafield>
</record>
